Catalog

Record Details

Catalog Search



Karneval  Cover Image Book Book

Karneval / James Thurber ; [z různých amerických originálů vybral, uspoř., přel. a doslov Svět Jamese Thurbera napsal Radoslav Nenadál ; ilustrace autor]

Thurber, James, 1894-1961 (Author, Illustrator). Nenadál, Radoslav, 1929- (Compiler).

Summary:

Reprezentativní výbor z nejlepších povídek, bajek, literárních parodií a kreslených vtipů amerického humoristy, uznávaného za klasika amerického humoru 20. století. Výbor se pokouší představit autora v jeho mnohotvárnosti a pestrosti: zachycuje nejen jeho povídky s typickými hrdiny, lidmi chycenými v pasti civilizace a konvence, ale i figurkářské povídky, příležitostné črty pro noviny a časopisy, povídky s vážnějšími náměty, postihujícími bezcílnost a tíhu velkoměstského života, chytře koncipované cykly bajek, literární parodie, karikující literární tvorbu, lidi kolem literatury, posedlost po detektivkách, a posléze několik seriálů kreslených vtipů.

Record details

  • Physical Description: 378, [6] s. ; 8°
  • Edition: 1. vyd.
  • Publisher: Praha : Odeon, 1970

Content descriptions

General Note:
Předsádky, obálku a vazbu s použitím autorových kreseb navrhl Libor Fára
20000 výt.
Frontispice
Genre: americké prózy

Available copies

  • 1 of 1 copy available at Common Catalog SPOK.

Holds

  • 0 current holds with 1 total copy.
Show All Copies
Location Call Number / Copy Notes Barcode Shelving Location Status Due Date
KDS Library 810 ThJ 204576801358 Library Available -

LDR 01960nam a22003251 4500
00121019
003CZ-PrJAB
00520150713064345.0
008971011s1970 xr ||| | cze
015 . ‡acnb000495414
035 . ‡a(CZ PrNK)bk197001287
035 . ‡a(OCoLC)568813
040 . ‡aABA001 ‡bcze ‡cULG001 ‡dABA001
0411 . ‡acze ‡heng
072 7. ‡a821.111(73)-3 ‡xAmerická próza ‡2Konspekt ‡925
080 . ‡a821.111(73)-3 ‡2MRF
080 . ‡a820(73)-7-821 +92 Thurber, J. ‡2undef
1001 . ‡aThurber, James, ‡d1894-1961 ‡7jn19990008530 ‡4aut ‡4ill
24510. ‡aKarneval / ‡cJames Thurber ; [z různých amerických originálů vybral, uspoř., přel. a doslov Svět Jamese Thurbera napsal Radoslav Nenadál ; ilustrace autor]
250 . ‡a1. vyd.
260 . ‡aPraha : ‡bOdeon, ‡c1970 ‡e(Čes. Těšín : ‡fTisk 3)
300 . ‡a378, [6] s. ; ‡c
500 . ‡aPředsádky, obálku a vazbu s použitím autorových kreseb navrhl Libor Fára
500 . ‡a20000 výt.
500 . ‡aFrontispice
520 . ‡aReprezentativní výbor z nejlepších povídek, bajek, literárních parodií a kreslených vtipů amerického humoristy, uznávaného za klasika amerického humoru 20. století. Výbor se pokouší představit autora v jeho mnohotvárnosti a pestrosti: zachycuje nejen jeho povídky s typickými hrdiny, lidmi chycenými v pasti civilizace a konvence, ale i figurkářské povídky, příležitostné črty pro noviny a časopisy, povídky s vážnějšími náměty, postihujícími bezcílnost a tíhu velkoměstského života, chytře koncipované cykly bajek, literární parodie, karikující literární tvorbu, lidi kolem literatury, posedlost po detektivkách, a posléze několik seriálů kreslených vtipů.
655 7. ‡aamerické prózy ‡7fd131794 ‡2czenas
7001 . ‡aNenadál, Radoslav, ‡d1929- ‡7jk01083165 ‡4com
910 . ‡aABE463
964 . ‡aThurber, James (1894-1961 spisovatel a kreslíř. amer.) - život a dílo - stati a výbory
998 . ‡a000495414
901 . ‡a21019 ‡b ‡c21019 ‡tbiblio

Additional Resources